LEADER 00927nam0-22003131i-450- 001 990001875390403321 005 20081003121424.0 035 $a000187539 035 $aFED01000187539 035 $a(Aleph)000187539FED01 035 $a000187539 100 $a20030910f19501999km-y0itay50------ba 101 0 $aita 102 $aIT 105 $ay-------001yy 200 1 $a<>alimentazione del bestiame bovino da latte nella regione Lombarda$fErcole Ferrari 210 $aMilano$cIndustrie Grafiche Stucchi$d[19..] 215 $a115 p.$d26 cm 610 0 $aAlimentazione animale 610 0 $aBovine da latte 676 $a636.084 700 1$aFerrari,$bErcole$0354682 801 0$aIT$bUNINA$gRICA$2UNIMARC 901 $aBK 912 $a990001875390403321 952 $a60 MISC. B 165/11$fFAGBC 959 $aFAGBC 996 $aAlimentazione del bestiame bovino da latte nella regione Lombarda$9400511 997 $aUNINA LEADER 00810nam0-22002891i-450- 001 990001845070403321 005 20021010 035 $a000184507 035 $aFED01000184507 035 $a(Aleph)000184507FED01 035 $a000184507 100 $a20021010d--------km-y0itay50------ba 101 0 $aita 200 1 $a<>coltivazione del pesco a Massalombarda$fA. Bellucci. 210 $aRavenna$cPremiata Tip. Nazionale E. Lavagna & F.$d1913. 215 $a44 p.$d27 cm 610 0 $aPrunus persica 676 $a634.25 700 1$aBellucci,$bAdolfo$0358755 801 0$aIT$bUNINA$gRICA$2UNIMARC 901 $aBK 912 $a990001845070403321 952 $a60 MISC. B 54/8$b$fFAGBC 959 $aFAGBC 996 $aColtivazione del pesco a Massalombarda$9414828 997 $aUNINA DB $aING01